Etica
Gorde:
| Egile nagusia: | |
|---|---|
| Formatua: | Liburua |
| Hizkuntza: | gaztelania |
| Argitaratua: |
Pamplona
Verbo Divino
1977
|
| Edizioa: | 1a. ed |
| Saila: | Hombre y Sociedad, 9
|
| Gaiak: | |
| Etiketak: |
Etiketa erantsi
Etiketarik gabe, Izan zaitez lehena erregistro honi etiketa jartzen!
|
MARC
| LEADER | 00000cam a2200000 a 4500 | ||
|---|---|---|---|
| 001 | UCC6467 | ||
| 003 | CL-VaPUC | ||
| 008 | 181213e19770000sp |||||||||||||||||spa|d | ||
| 020 | |a 8471512068 | ||
| 082 | 0 | 4 | |a 170 |b NOW |2 21 |
| 100 | |a Nowell-Smith, P. H. |q (Patrick Horace) |e autor |9 600929 | ||
| 245 | 1 | 0 | |a Etica |
| 250 | |a 1a. ed | ||
| 300 | |a 346 p | ||
| 942 | |c BK | ||
| 945 | |d 20181213 14:55:00 |a dcastane | ||
| 260 | |a Pamplona |b Verbo Divino |c 1977 | ||
| 650 | 0 | |a Ética |9 255099 | |
| 650 | 0 | |a Valores morales |9 310604 | |
| 650 | 0 | |a Felicidad |9 257029 | |
| 650 | 0 | |a Esperanza |9 314979 | |
| 650 | 0 | |a Amor |9 257817 | |
| 583 | |a last modification |c 20181213 14:55:00 |k Rodrigo Vera | ||
| 490 | 0 | |a Hombre y Sociedad, 9 | |
| 999 | |c 373408 |d 373406 | ||
| 952 | |0 0 |1 0 |3 erb |4 0 |6 170_000000000000000_NOW_1977 |7 0 |8 A |9 491509 |a BIBTEO |b BIBTEO |e Precht Pizarro, Jorge Enrique |i 5520584 |o 170 NOW 1977 |p 5520584 |r 2025-01-17 |w 2019-11-24 |x Descarte 2019 |y BK |z Catalogado en:20181213 |k ICR | ||